00724nam a22002177a 45000050016000000100014000160200010000300350013000400370013000530820010000661000021000762450050000972600045001472700066001923000022002586500027002807000025003079420024003329990017003569520133003732010080503593.0 aENG-98319 c50.00 aEN-81852 bDBAD/PUB a005.3 aRamu, Gopu96862 aMS office /cby Gopu Ramu [and] A. Ravi Kiran aVijayawadabSri Balaji Publicationscn.d a33-3-31, Ramanayudu Street SeetaramapurambVijayawadae520002 a148p.c21cm (pbk) aMicrosoft Office96863 aRavi Kiran, A.96864 2ddccENh005.3mRAM c39443d39443 001040718NFICaDBADbDBADd2010-08-05eDBAD/PUBg50.00l0o005.3 RAMpEN-81852r2010-08-05 00:00:00t1v50.00w2010-08-05yEN